Florecimiento humano, pobreza y política de población: la necesidad de ampliar la mirada /
محفوظ في:
| المؤلف الرئيسي: | |
|---|---|
| التنسيق: | نص |
| الموضوعات: | |
| الوسوم: |
إضافة وسم
لا توجد وسوم, كن أول من يضع وسما على هذه التسجيلة!
|
MARC
| LEADER | 00000 a a2200000 04500 | ||
|---|---|---|---|
| 001 | 4839 | ||
| 003 | |||
| 040 | |||
| 100 | |a Boltvinik, Julio | ||
| 245 | |a Florecimiento humano, pobreza y política de población: |b la necesidad de ampliar la mirada / |c Julio Boltvinik | ||
| 650 | |a POLITICA SOCIAL | ||
| 650 | |a POBREZA | ||
| 650 | |a TEORIA SOCIAL | ||
| 773 | |g número 16; páginas 6-8 | ||
| 999 | |c 26620 |d 26620 | ||
